| 000 | 00512nam a2200181Ia 4500 | ||
|---|---|---|---|
| 005 | 20250508161634.0 | ||
| 008 | 008 250505s9999 xx 000 0 eng d | ||
| 037 | _aTextual | ||
| 040 |
_aFEDL _beng _cFEDL |
||
| 041 |
_aeng _2eng |
||
| 084 |
_a517.5, SOR _qFEDL |
||
| 100 |
_aSorgenfrey Robert H _9771141 |
||
| 245 | 0 | _aAnalysis of elementary functions | |
| 260 |
_aBoston, USA _bHoughton Mifflin Company _c1970 |
||
| 300 | _a356p. | ||
| 942 |
_cTEXL _h517.5, SOR |
||
| 999 |
_c1371267 _d1371267 |
||